00189nam a22000737a 4500020001800000100002000018245002000038260005700058 a9781416909866 aAndrew Clements aLost and Found  aNew ClementsbAtheneum Books for Young Readersc2008